Statistieken voor Topografie Afrika

Klik hier om de quiz te nemen!

Algemene statistieken

  • Deze quiz is 235 keer genomen
  • De gemiddelde score is 6 van 7

Antwoorden op de kaart

Antwoorden kleurgecodeerd door een groen-rode schaal op de quizkaart volgens % correct hieronder.
 

Antwoordstatistieken

Antwoord% Correct
South Africa
96%
Egypt
93%
Nigeria
92%
Ethiopia
87%
Morocco
86%
Congo (Dem. Rep.
85%
Sudan
78%

Scoreverdeling

Percentiel versus Aantal Correcte Antwoorden

Procent van Mensen met Elke Score

Uw Scoregeschiedenis

U heeft deze quiz nog niet genomen